Battles of WWII: (Record no. 756709)
[ view plain ]
| 000 -LEADER | |
|---|---|
| fixed length control field | 00521nam a22001697a 4500 |
| 005 - DATE AND TIME OF LATEST TRANSACTION | |
| control field | 20230830101544.0 |
| 008 - FIXED-LENGTH DATA ELEMENTS--GENERAL INFORMATION | |
| fixed length control field | 230830b sa ||||| |||| 00| 0 eng d |
| 020 ## - INTERNATIONAL STANDARD BOOK NUMBER | |
| International Standard Book Number | <a href="9781848371446">9781848371446</a> |
| 040 ## - CATALOGING SOURCE | |
| Original cataloging agency | rda |
| Transcribing agency | 3228 |
| 041 ## - LANGUAGE CODE | |
| Language | English |
| 082 ## - DEWEY DECIMAL CLASSIFICATION NUMBER | |
| Classification number | 940.45 CAWT |
| 942 ## - ADDED ENTRY ELEMENTS | |
| Creator ID | 169 |
| Creator Name | Boniswa Ngcongolo |
| Modifier ID | 169 |
| Modifier Name | Boniswa Ngcongolo |
| 100 ## - MAIN ENTRY--PERSONAL NAME | |
| Personal name | Cawthorne, Nigel |
| 245 ## - TITLE STATEMENT | |
| Title | Battles of WWII: |
| Cover Title | An Illustrated Account of The Major Campaign, From Europe to to the Pacific Islands |
| Statement of responsibility, etc. | Nigel Cawthorne |
| 260 ## - PUBLICATION, DISTRIBUTION, ETC. | |
| Place of publication, distribution, etc. | London: |
| Name of publisher, distributor, etc. | Arcturus, |
| Date of publication, distribution, etc. | 2003. |
| 300 ## - PHYSICAL DESCRIPTION | |
| Extent | 256 Pages. |
| Dimensions | 23cm. |
| 942 ## - ADDED ENTRY ELEMENTS | |
| Source of classification or shelving scheme | Dewey Decimal Classification |
| item type | book |
| Withdrawn status | Lost status | Source of classification or shelving scheme | Damaged status | Not for loan | Collection code | Home library | Current library | Shelving location | Date acquired | Cost, normal purchase price | Full call number | Barcode | Date last seen | Price effective from | item type | Total Checkouts |
|---|---|---|---|---|---|---|---|---|---|---|---|---|---|---|---|---|
| Dewey Decimal Classification | 900: History & Geography | ERMELO REGIONAL LIBRARY | Khuluwazi Public Library | General Stacks | 30.08.2023 | 258.00 | 940.45 CAWT | 33228031003182 | 30.08.2023 | 30.08.2023 | book | |||||
| Dewey Decimal Classification | 900: History & Geography | ERMELO REGIONAL LIBRARY | Khuluwazi Public Library | General Stacks | 30.08.2023 | 258.00 | 940.45 CAWT | 33228031003143 | 31.08.2023 | 30.08.2023 | book | |||||
| Dewey Decimal Classification | 900: History & Geography | ERMELO REGIONAL LIBRARY | Khuluwazi Public Library | General Stacks | 30.08.2023 | 258.00 | 940.45 CAWT | 3322810086792 | 31.08.2023 | 30.08.2023 | book | |||||
| Dewey Decimal Classification | 900: History & Geography | ERMELO REGIONAL LIBRARY | Khuluwazi Public Library | General Stacks | 30.08.2023 | 258.00 | 940.45 CAWT | 3322810086797 | 31.08.2023 | 30.08.2023 | book |